000 00936nam a2200253 4500
005 20150612130326.0
010 _aBAC-EN21 ENG-111614
020 _a9788131313428
_c295.00
035 _aEN-95146
035 _aB-578636-665
037 _bPrabhat Prakashan/Ven
_adpl
037 _bDBAD/PUB
082 _a509.22
100 _aSrivastava,Kamal S.
245 _a(101) One hundred one great scientists who shaped the world /
_cby Kamal S.Srivastava [and] Sangeeta Srivastava
246 _aOne hundred one great scientists who shaped the world
260 _aNew Delhi
_bAPH Publishing
_c2014
270 _a4435-36/7,Ansari Road,Darya Ganj
_bNew Delhi
_e110002
300 _axi,354p.
_c22cm(pbk)
500 _aIncludes index
700 _aSrivastava,Sangeeta
942 _2ddc
_cEN
_mSRI
_h509.22
999 _c89682
_d89682